Normal view
MARC view
- DARCY,AOIFE KELLEHER D.JOHN
Entry Personal Name
001 - CONTROL NUMBER
- control field: 89479
003 - CONTROL NUMBER IDENTIFIER
- control field: NUST
005 - DATE AND TIME OF LATEST TRANSACTION
- control field: 20220224110412.0
008 - FIXED-LENGTH DATA ELEMENTS
- fixed length control field: 220224|| aca||aabn | a|a d
040 ## - CATALOGING SOURCE
- Original cataloging agency: NUST
- Transcribing agency: NUST
100 ## - HEADING--PERSONAL NAME
- Personal name: DARCY,AOIFE KELLEHER D.JOHN
670 ## - SOURCE DATA FOUND
- Source citation: Work cat.: (NUST): DARCY,AOIFE KELLEHER D.JOHN., MACHINE LEARNING /, 2020.
